| 000 | 00665nam a2200217Ia 4500 | ||
|---|---|---|---|
| 003 | GCL | ||
| 008 | 140319s9999 xx 000 0 ara d | ||
| 040 |
_aGCL / _cGCL |
||
| 082 | 0 | 4 |
_aد _b050 |
| 100 | 1 | _aزهير الكومى | |
| 245 | 1 | 0 |
_aارتقاء الانسان ( عالم المعرفة 39 ) / _cزهير الكومى |
| 700 | 1 | _aبرونفسكى، ج | |
| 700 | 1 | _aموفق سخا شيرو | |
| 300 | _a330 ص | ||
| 490 |
_aعالم المعرفة _v0 |
||
| 650 | 0 | 4 | _aالانسان |
| 650 | 0 | 4 | _aالانثربولوجيا |
| 650 | 0 | 4 | _aالتطور الاجتماعى |
| 650 | 0 | 4 | _aالانسان - الاصل والاثار |
| 942 |
_2ddc _cBK |
||
| 999 |
_c50438 _d50438 |
||